Intermediate algebra / (Record no. 12546)

000 -LEADER
fixed length control field 00665cam a2200217 a 4500
020 ## - INTERNATIONAL STANDARD BOOK NUMBER
ISBN 0070632774 (student ed.)
020 ## - INTERNATIONAL STANDARD BOOK NUMBER
ISBN 0070632820 (instructor's ed.)
040 ## - CATALOGING SOURCE
Transcribing agency DLC
082 00 - DEWEY DECIMAL CLASSIFICATION NUMBER
Classification number 512 HIL 1998 A034 Or.
100 1# - MAIN ENTRY--AUTHOR NAME
Personal name Streeter, James
245 10 - TITLE STATEMENT
Title Intermediate algebra /
250 ## - EDITION STATEMENT
Edition statement 3rd ed.
260 ## - PUBLICATION, DISTRIBUTION, ETC. (IMPRINT)
Place of publication Boston :
Name of publisher McGraw-Hill,
Year of publication c1998.
300 ## - PHYSICAL DESCRIPTION
Number of Pages xiii, 720 p. :
Other physical details ill. (some col.) ;
Dimensions 28 cm. +
Accompanying material 1 computer laser optical disc (4 3/4 in.)
500 ## - GENERAL NOTE
General note Includes index.
650 #0 - SUBJECT ADDED ENTRY--TOPICAL TERM
Topical Term Algebra.
700 1# - ADDED ENTRY--PERSONAL NAME
Personal name Hutchison, Donald,
700 1# - ADDED ENTRY--PERSONAL NAME
Personal name Hoelzle, Louis F.
856 42 - ELECTRONIC LOCATION AND ACCESS
Uniform Resource Identifier http://www.loc.gov/catdir/description/mh023/97044114.html
942 ## - ADDED ENTRY ELEMENTS (KOHA)
Koha item type សៀវភៅភាសាអង់គ្លេស
952 ## - LOCATION AND ITEM INFORMATION (KOHA)
Withdrawn status [LOCAL, KOHA] 0
Holdings
Permanent Location Date acquired Koha item type Lost status Shelving location Barcode Current Location Full call number
Library Block A2017-08-14សៀវភៅភាសាអង់គ្លេស A034A17194Library Block A512 HIL 1998 A034 Or.
មជ្ឈមណ្ឌលឯការនៃសាកលវិទ្យាល័យភូមិន្ទកសិកម្មចំការដូង

Powered by Koha